| 000 | 00843nam a2200217 a 4500 | ||
|---|---|---|---|
| 003 | 0 | ||
| 005 | 20250524104417.0 | ||
| 008 | 021127s19uu xx 00 eng d | ||
| 050 |
_aPGS LB 2822.75 _b.C261 2001 |
||
| 100 | _aCarandang, Joshua M. | ||
| 245 |
_aThe perceptions of grade five and third year students of Southville International School on PASS / _cJoshua M. Carandang. |
||
| 260 |
_aLas PiƱas City, Philippines : _bSouthville International School and Colleges, _c2001. |
||
| 300 |
_a30 pages : _bcolored illustrations ; _c28 cm. |
||
| 504 | _aIncludes bibliographical references. | ||
| 650 | _aPortfolio assessment (Education) . | ||
| 650 | _aEducational evaluation. | ||
| 650 | _aStudent evaluation. | ||
| 650 |
_aHigh school students _vAttitudes. |
||
| 650 |
_aElementary school students _vAttitudes. |
||
| 942 |
_2lcc _cPASS |
||
| 999 |
_c96466 _d96466 |
||